Vista normal
Vista MARC
Entrada Nombre corporativo
Número de registros utilizados en: 2
001 - NÚMERO DE CONTROL
- Campo de control: 3001
003 - IDENTIFICADOR DE NÚMERO DE CONTROL
- Campo de control: ES-MaCES
005 - FECHA Y HORA DE LA ULTIMA MODIFICACION
- Campo de control: 20070530130500.0
008 - ELEMENTOS DE DATOS DE LONGITUD FIJA
- Campo de longitud fija: 070530 | azznnaabn |n ana d
035 ## - NÚMERO DE CONTROL DEL SISTEMA
- Número de control del sistema: CES20070001168e
040 ## - FUENTE DE LA CATALOGACIÓN
- Agencia original de catalogación: ES-MaCES
- Idioma de catalogación: spa
- Agencia de transcripción: ES-MaCES
110 1# - ENCABEZAMIENTO--NOMBRE CORPORATIVO
- Nombre corporativo o de jurisdicción como elemento de entrada: España
- Título de una obra: Ley de mejora de la protección de consumidores y usuarios
- Lugar de reunión o firma del tratado: 2006
670 ## - FUENTE DE DATOS ENCONTRADOS
- Fuente de citación: BOE
- Información encontrada: : Ley 44/2006, de 29 de diciembre, BOE n. 312 de 30/12/2006
901 ## - CES. DATOS SIRTEX
- ID Sirtex (N5N8): 0001800006835
- 005BIS Sirtex: 200705301305ALORITE

